Aladino y la lámpara maravillosa (Registro nro. 240582)
[ vista simple ]
| 000 -ENCABEZADO | |
|---|---|
| Número de control [NR] | 00873 a2200241 4500 |
| 005 - FECHA Y HORA DE LA ÚLTIMA TRANSACCIÓN | |
| control field | 20180312142005.0 |
| 008 - DE LONGITUD FIJA DE DATOS DE ELEMENTOS - INFORMACIÓN GENERAL | |
| Elementos de longitud fija [NR] | 140729s1999 ck a gr|||| 00| j spa d |
| 020 ## - NUMERO INTERNACIONAL NORMALIZADO PARA LIBROS [R] | |
| Número Internacional Normalizado del libro [NR] | 958050413X |
| 040 ## - FUENTE DE CATALOGACION [NR] | |
| Agencia de catalogación original [NR] | CO-BoUCM |
| Idioma de catalogación [NR] | spa |
| Quien Cataloga | Jose A. Gerena |
| Quien Clasifica | Jose A. Gerena |
| 041 ## - CODIGO DE IDIOMA [R] | |
| Código de idioma para texto/pista de sonido o título separado [R] | Español |
| 245 00 - MENCION DE TITULO [NR] | |
| Título [NR] | Aladino y la lámpara maravillosa |
| Mención de responsabilidad, etc. [NR] | Instituto distrital de cultura y turismo, Bogotá |
| 250 ## - MENCION DE EDICION [NR] | |
| Mención de edición [NR] | 9a ed |
| 260 ## - PUBLICACION, DISTRIBUCION, ETC. (PIE DE IMPRENTA) [R] | |
| Lugar de publicación, distribución, etc. [R] | Bogotá (Colombia) |
| Nombre del editor, distribuidor, etc. [R] | Educar |
| Fecha de publicación, distribución, etc. [R] | 1999 |
| 300 ## - DESCRIPCION FISICA [R] | |
| Extensión [R] | 24 páginas |
| Otros detalles físicos [NR] | ilustraciones a color |
| 490 ## - MENCION DE SERIE [R] | |
| Mención de serie [R] | La biblioteca de los niños |
| 650 #7 - ASIENTO SECUNDARIO DE MATERIA - TERMINO TEMATICO [R] | |
| 9 (RLIN) | 18516 |
| Término temático o nombre geográfico como elemento de entrada [NR] | Libros ilustrados para niños |
| 650 #7 - ASIENTO SECUNDARIO DE MATERIA - TERMINO TEMATICO [R] | |
| 9 (RLIN) | 18606 |
| Término temático o nombre geográfico como elemento de entrada [NR] | Literatura árabe |
| 650 #7 - ASIENTO SECUNDARIO DE MATERIA - TERMINO TEMATICO [R] | |
| 9 (RLIN) | 18654 |
| Término temático o nombre geográfico como elemento de entrada [NR] | Literatura fantástica |
| 690 ## - ASUNTO AGREGADO LOCAL DE ENTRADA - TÉRMINO TEMÁTICO (OCLC, RLIN) | |
| 9 (RLIN) | 42867 |
| Acceso temático local | Literatura oriental |
| 710 1# - ASIENTO SECUNDARIO - NOMBRE CORPORATIVO [R] | |
| Nombre corporativo o de jurisdicción como elemento de entrada [NR] | Bogotá |
| Unidad subordinada [R] | Instituto Distrital de Cultura y Turismo |
| 9 (RLIN) | 63400 |
| 942 ## - ELEMENTOS DE ENTRADA AGREGADOS (KOHA) | |
| Tema principal | Lingüística |
| Tipo de ítem principal el descrito en 300a | Libro |
| Edición | 1 |
| Parte restante de la signatura top. | A316 |
| Sistema de clasificación | DEWEY |
| Clasificación | 892.7 |
| Título oculto en OPAC | No |
| Fecha de último préstamo | Total préstamos | Total Renewals | Signatura topográfica | Código de barras | Última vez visto | Volúmen / Fascículo | Ejemplar | Costo de reposición | Price effective from | Tipo de ítem | Nota pública (OPAC) | Perdido | Sistema de clasificación | Dañado | No prestable | Tipo de ítem específico | Suprimido | Ubicación habitual | Ubicación actual | Localización | Fecha de creación | Proveedor | Forma de adquisición | Costo |
|---|---|---|---|---|---|---|---|---|---|---|---|---|---|---|---|---|---|---|---|---|---|---|---|---|
| 24/03/2017 | 1 | 1 | 892.7 A316 | 200026599 | 11/12/2025 | 9a.Ed. | Ej.1 | 26000.00 | 02/08/2013 | Libro | Spot Literatura Infantil | DEWEY | Libro | Quinta de Mutis | Quinta de Mutis | Mezanecs | 02/08/2013 | 12 | Donación | 0.00 |